1670 1363 1549 1056 1755 1266 1318 1823 1703 1041 1498 1685 1489 1693 1930 1353 1532 1162 1694 1714 1640 1783 1658 1294 1270 1754 1900 1659 1185 1714 1961 1714 1784 1574 1095 1927 1268 1693 1314 1286 1323 1353 1478 1611 1364 1778 1392 1819 1368 1654 1681 1198 1288 1874 1879 1187 1199 1425 1553 1340 1361 1242 1609 1929 1453 1440 1162 1081 1530 1053 1114 1611 1782 1991 1072 1251 1448 1186 1554 1034 1698 1139 1113 1310 1175 1052 1606 1602 1701 1723 1923 1207 1468 1428 1509 1028 1938 1067 1388 BCNSPRNW ULIB Ver.6.0+V

เปลี่ยนเป็นภาษาไทย

Change to English
 แสดงรายละเอียดบรรณานุกรม
  กลับหน้าหลัก

Brief Record : Get Marc (ISO 2709) : E-mail record : QR code < ปิดหน้าต่าง
LEADER : 00000nam 2200000uu 4500
001    13399122419
003     ULIB
008    020711s2543 th a 000 0 tha d
020    9789748593678
020    9748593673
099    นว.^bว667อ
100    วิมล ไทรนิ่มนวล
110    สยามประเทศ
245    อมตะ/^cวิมล ไทรนิ่มนวล
250    พิมพ์ครั้งที่ 2
260    กรุงเทพฯ :^bสยามประเทศ,^c2543
300    222 หน้า
945    ^p120^l0^i012935
รายการนี้ยังไม่มีแท็ก
คุณยังไม่ได้ล็อกอิน คุณสามารถมีกิจกรรมร่วมกับเว็บไซต์ได้ แต่ต้องล็อกอินก่อน ::
  ล็อกอิน

รายการสื่อสารสนเทศ

ลำดับที่ ประเภท เลขเรียก/บาร์โค้ด สถานที่ สถานะ
1. นวนิยาย
นวนิยาย
นว. ว667อ ฉ.1 
  Barcode: 012935
ห้องสมุดวิทยาเขตสวรรค์ประชารักษ์
►นวนิยาย
บนชั้น
  ขอยืม

รายการใกล้เคียง
    ผู้แต่ง [วิมล ไทรนิ่มนวล]

BibComment


ยังไม่เคยถูกคอมเมนท์

คอมเมนท์ทรัพยากรรายการนี้
  คอมเมนท์: อมตะ วิมล ไทรนิ่ม..


 Copyright 2026. Bcnsprnw @Library